Cincuenta años de la fábrica de Papel Loreto (Record no. 4042)

MARC details
000 -CABECERA
campo de control de longitud fija 00738nam a2200229 a 4500
001 - NÚMERO DE CONTROL
campo de control BRCA_4331
005 - FECHA Y HORA DE LA ÚLTIMA TRANSACCIÓN
campo de control 20190320204629.0
008 - DATOS DE LONGITUD FIJA--INFORMACIÓN GENERAL
campo de control de longitud fija 271108s1957----mx-a###f##---#010-0#spa-u
041 ## - CÓDIGO DE LENGUA
Código de lengua del texto/banda sonora o título independiente spa
044 ## - CÓDIGO DEL PAÍS DE LA ENTIDAD EDITORA/PRODUCTORA
Código MARC del país mx
050 #4 - SIGNATURA TOPOGRÁFICA DE LA BIBLIOTECA DEL CONGRESO
Número de clasificación TS1096.M4
Número de documento/Ítem .C56 1957
245 10 - MENCIÓN DE TÍTULO
Título Cincuenta años de la fábrica de Papel Loreto
Resto del título dos discursos de Carlos Linga y Hans Lenz.
260 ## - PUBLICACIÓN, DISTRIBUCIÓN, ETC.
Lugar de publicación, distribución, etc. México
Nombre del editor, distribuidor, etc. Cultura
Fecha de publicación, distribución, etc. 1957
300 ## - DESCRIPCIÓN FÍSICA
Extensión 28 p.
Otras características físicas il., retratos
Dimensiones 22 cm.
500 ## - NOTA GENERAL
Nota general Ejemplar igual a A50
500 ## - NOTA GENERAL
Nota general X50
520 3# - SUMARIO, ETC.
Sumario, etc. Homenaje a la memoria de Don Alberto Lenz por el cincuentenario de la empresa
650 14 - PUNTO DE ACCESO ADICIONAL DE MATERIA--TÉRMINO DE MATERIA
Término de materia o nombre geográfico como elemento de entrada Fábrica de Papel Loreto, San Angel
Subdivisión geográfica México
9 (RLIN) 7368
650 14 - PUNTO DE ACCESO ADICIONAL DE MATERIA--TÉRMINO DE MATERIA
Término de materia o nombre geográfico como elemento de entrada Papel
Subdivisión general Fabricación y comercio
9 (RLIN) 7369
902 ## - CATALOGADOR
Iniciales GFM
942 ## - ELEMENTOS DE PUNTO DE ACCESO ADICIONAL (KOHA)
Fuente del sistema de clasificación o colocación Library of Congress Classification
Tipo de ítem Koha Libros
Holdings
Estado de retiro Estado de pérdida Estado dañado No para préstamo Localización permanente Ubicación/localización actual Fecha de adquisición Número de inventario Total de préstamos Signatura topográfica completa Código de barras Fecha visto por última vez Precio válido a partir de Tipo de ítem Koha
El ejemplar forma parte de la colección y puede ser consultado según las políticas vigentes.       Biblioteca del Museo Franz Mayer (Rogerio Casas-Alatriste) Biblioteca del Museo Franz Mayer (Rogerio Casas-Alatriste) 05/07/2010 X50   TS1096.M4 .C56 1957 (X50) 4328 22/03/2019 22/03/2019 Libros